Visualizzazione normale
Vista MARC
- Casini Carlo (et al.)
di Personal Name
Records bibliografici associati: 1
001 - CONTROL NUMBER
- control field: 61265
003 - CONTROL NUMBER IDENTIFIER
- control field:
005 - DATE AND TIME OF LATEST TRANSACTION
- control field: 20241223115101.0
008 - FIXED-LENGTH DATA ELEMENTS
- fixed length control field: 241223|| aca||aabn | a|a d
040 ## - CATALOGING SOURCE
- Original cataloging agency:
- Transcribing agency:
100 ## - HEADING--PERSONAL NAME
- Personal name: Casini Carlo (et al.)
670 ## - SOURCE DATA FOUND
- Source citation: Work cat.: ()215213: Casini Carlo (et al.), Le cause culturali dell'aborto volontario, 1987